| Registos Bibliográficos associados ao registo de autoridade |
|
Etiqueta de registo: 00254nam 2200025 450 001 2252004 003 http://id.bnportugal.gov.pt/bib/catbnp/2252004 010 ## $a978-989-9255-17-3 021 ## $aPT$b551770/25 100 ## $a20260121d2025 m y0pory01030103ba 101 0# $apor 102 ## $aPT 105 ## $ay z 000yy 106 ## $ar 200 1# $aCibercrime$fCláudia Pina, José Vegar 205 ## $a1ª ed 210 #9 $aSão Pedro do Estoril$cDesassossego,$d2025 215 ## $a238, [1] p.$d23 cm 606 ## $aCibercrimes$2SIPOR$31992851 675 ## $a004"20"$vBN$zpor$3795069 675 ## $a343.9"20"$vBN$zpor$31990033 700 #1 $aPina,$bCláudia$31980363 701 #1 $aVegar,$bJosé,$f1969-$4070$3890395 801 #0 $aPT$bBN$gRPC 856 41 $uhttp://rnod.bnportugal.gov.pt/ImagesBN/winlibimg.aspx?skey=&doc=2252004&img=220572&save=true 900 ## $aBIBNAC$d20260330 966 ## $lBN$mFGMON$sS.C. 168746 V.$x1 966 ## $lBN$mFGMON$sS.C. 168746 V.-D$x1 971 ## $corlando$d20260121 972 ## $e0$z0$d20260330$viquintas 973 ## $cmlsousa$d20260309 974 ## $e0$d20260320$vrsimoes
|
|
|